Statistics for Norway Trivia

Click here to take the quiz!

General Stats

  • This quiz has been taken 84 times
    (78 since last reset)
  • The average score is 4 of 15

Answer Stats

HintAnswer% Correct
Whats Norways Capital city?Oslo
98%
In 1940 which European country invaded Norway?Germany
73%
Whats it's official name?Kingdom of Norway
42%
Norways national symbol is the?Lion
36%
In what year did Norway join NATO1949
34%
Whats it's parlimentary system called?Storting
34%
Which countries does Norway border?Sweden, Finland and Russia
34%
What union was norway in with Denmark and SwedenKalmar Union
28%
What european capital city did Norweigans find?Dublin
17%
The worlds longest what is in Norway?Road
13%
Whats their Antartic reasearch station callled?Troll
3%
What is Norways currency called?Norweigean Krone
2%
Whats their national drink?akevitt
0%
What is the home of Norweigean playwriter Henrik Ibsen called?Grimstad
0%
What was Norway originally called?Nordweg
0%

Score Distribution

Percentile by Number Answered

Percent of People with Each Score

Your Score History

You have not taken this quiz since the last reset